Bài tập & bài giải phân tích & đầu tư chứng khoán
Đã lưu trong:
| Príomhúdar: | |
|---|---|
| Formáid: | Sách |
| Teanga: | Undetermined |
| Foilsithe: |
Lao động - Tài chính
2014
|
| Ábhair: | |
| Clibeanna: |
Cuir Clib Leis
Gan Chlibeanna, Bí ar an gcéad duine leis an taifead seo a chlibeáil!
|
| Thư viện lưu trữ: | Trung tâm Thư viện - Trường Đại học Công nghiệp TP. Hồ Chí Minh |
|---|
| LEADER | 00560nam a2200157Ia 4500 | ||
|---|---|---|---|
| 001 | UIH_04994 | ||
| 008 | 231011s9999 xx 000 0 und d | ||
| 082 | |a 332.632 | ||
| 100 | |a Bùi, Kim Yến | ||
| 245 | 0 | |a Bài tập & bài giải phân tích & đầu tư chứng khoán | |
| 245 | 0 | |c Bùi, Kim Yến | |
| 260 | |b Lao động - Tài chính | ||
| 260 | |c 2014 | ||
| 650 | |a Chứng khoán; Chứng khoán; | ||
| 927 | |a Sách | ||
| 980 | |a Trung tâm Thư viện - Trường Đại học Công nghiệp TP. Hồ Chí Minh | ||